000
00308nam a2200121Ia 4500
008
231129s1994||||xx |||||||||||||| ||spa||
082
_a
ER- 373
100
_a
Jiménez Vélez Carlos Alberto
245
0
_a
Juego y cultura
260
_c
1994
264
_a
Pereira: Pregón Publicidad 1994
942
_2
ddc
_c
BKS
999
_c
16232
_d
16232